Introduction to mass spectrometry : (Record no. 15107)
[ view plain ]
| 000 -LEADER | |
|---|---|
| fixed length control field | 01801cam a22003497i 4500 |
| 001 - CONTROL NUMBER | |
| control field | 14882823 |
| 003 - CONTROL NUMBER IDENTIFIER | |
| control field | EG-ScBUE |
| 005 - DATE AND TIME OF LATEST TRANSACTION | |
| control field | 20260311100456.0 |
| 008 - FIXED-LENGTH DATA ELEMENTS--GENERAL INFORMATION | |
| fixed length control field | 070607r20092007enka f b 001 0 eng d |
| 020 ## - INTERNATIONAL STANDARD BOOK NUMBER | |
| International Standard Book Number | 9780470516348 (cloth) |
| 035 ## - SYSTEM CONTROL NUMBER | |
| System control number | (OCoLC)ocn144330936 |
| 035 ## - SYSTEM CONTROL NUMBER | |
| System control number | (OCoLC)144330936 |
| 040 ## - CATALOGING SOURCE | |
| Original cataloging agency | EG-ScBUE |
| Language of cataloging | eng |
| Description conventions | rda |
| Transcribing agency | EG-ScBUE |
| Modifying agency | EG-ScBUE |
| 082 04 - DEWEY DECIMAL CLASSIFICATION NUMBER | |
| Classification number | 572.36 |
| Item number | WAT |
| Edition number | 22 |
| 100 1# - MAIN ENTRY--PERSONAL NAME | |
| Personal name | Watson, J. Throck, |
| 9 (RLIN) | 23035 |
| Relator term | author. |
| 245 10 - TITLE STATEMENT | |
| Title | Introduction to mass spectrometry : |
| Remainder of title | instrumentation, applications and strategies for data interpretation / |
| Statement of responsibility, etc | J. Throck Watson, Professor of Biochemistry and of Chemistry Michigan State University, East Lansing, Michigan, O. David Sparkman, Adjunct Professor of Chemistry, College of the Pacific, University of the Pacific, Stockton, California. |
| 250 ## - EDITION STATEMENT | |
| Edition statement | Fourth edition. |
| 250 ## - EDITION STATEMENT | |
| Edition statement | Reprinted edition. |
| 264 #1 - PUBLICATION, DISTRIBUTION, ETC. (IMPRINT) | |
| Place of publication, distribution, etc | Chichester, England : |
| Name of publisher, distributor, etc | John Wiley & Sons, Ltd, |
| Date of publication, distribution, etc | 2009. |
| 300 ## - PHYSICAL DESCRIPTION | |
| Extent | xxiv, 819 pages : |
| Other physical details | illustrations ; |
| Dimensions | 26 cm |
| 336 ## - CONTENT TYPE | |
| Source | rdacontent |
| Content type term | text |
| Content type code | txt |
| 337 ## - MEDIA TYPE | |
| Media type term | unmediated |
| Source | rdamedia |
| Media type code | n |
| 338 ## - CARRIER TYPE | |
| Carrier type term | volume |
| Carrier type code | nc |
| Source | rdacarrier |
| 504 ## - BIBLIOGRAPHY, ETC. NOTE | |
| Bibliography, etc | Includes bibliographic references and index. |
| 505 0# - FORMATTED CONTENTS NOTE | |
| Formatted contents note | Introduction -- The mass spectrometer -- Mass spectrometry/mass spectrometry -- Inlet systems -- Strategies for data interpretation (other than fragmentation) -- Electron ionization -- Chemical ionization -- Electrospray ionization -- MALDI -- Gas chromatography/mass spectrometry -- Liquid chromatography/mass spectrometry -- Analysis of proteins and other biopolymers. |
| 650 #7 - SUBJECT ADDED ENTRY--TOPICAL TERM | |
| Topical term or geographic name as entry element | Mass spectrometry. |
| 9 (RLIN) | 23036 |
| Source of heading or term | BUEsh |
| 650 #7 - SUBJECT ADDED ENTRY--TOPICAL TERM | |
| Topical term or geographic name as entry element | Biomolecules |
| General subdivision | Analysis. |
| 9 (RLIN) | 23037 |
| Source of heading or term | BUEsh |
| 653 ## - INDEX TERM--UNCONTROLLED | |
| Arrived date list | April2011 |
| 655 ## - INDEX TERM--GENRE/FORM | |
| Form subdivision | Reading book |
| 700 1# - ADDED ENTRY--PERSONAL NAME | |
| Personal name | Sparkman, O. David |
| Fuller form of name | (Orrin David), |
| Dates associated with a name | 1942- |
| 9 (RLIN) | 23038 |
| Relator term | author. |
| 942 ## - ADDED ENTRY ELEMENTS (KOHA) | |
| Source of classification or shelving scheme | Dewey Decimal Classification |
| Koha item type | Book - Borrowing |
| Withdrawn status | Lost status | Source of classification or shelving scheme | Damaged status | Not for loan | Collection code | Home library | Current library | Shelving location | Date acquired | Source of acquisition | Cost, normal purchase price | Serial Enumeration / chronology | Total Checkouts | Full call number | Barcode | Date last seen | Price effective from | Koha item type |
|---|---|---|---|---|---|---|---|---|---|---|---|---|---|---|---|---|---|---|
| Dewey Decimal Classification | Baccah | Central Library | Central Library | First floor | 14/04/2011 | 536.00 | 11997 | 572.36 WAT | 000023229 | 05/04/2026 | 14/04/2011 | Book - Borrowing |